|
|
|
|
| LEADER |
01657nam a2200409Ia 4500 |
| 001 |
EBC367549 |
| 003 |
MiAaPQ |
| 005 |
20200520144314.0 |
| 006 |
m o d | |
| 007 |
cr cn||||||||| |
| 008 |
080319s2008 gw a sb 000 0 eng d |
| 010 |
|
|
|z 2008921401
|
| 020 |
|
|
|z 3790820334
|
| 020 |
|
|
|z 9783790820331
|
| 035 |
|
|
|a (MiAaPQ)EBC367549
|
| 035 |
|
|
|a (Au-PeEL)EBL367549
|
| 035 |
|
|
|a (CaPaEBR)ebr10246016
|
| 035 |
|
|
|a (CaONFJC)MIL167535
|
| 035 |
|
|
|a (OCoLC)272298897
|
| 040 |
|
|
|a MiAaPQ
|c MiAaPQ
|d MiAaPQ
|
| 050 |
|
4 |
|a HC240.25.E852
|b E9 2008
|
| 245 |
0 |
4 |
|a The EU and the economies of the Eastern European enlargement
|h [electronic resource] /
|c Alberto Quadrio Curzio, Marco Fortis, editors.
|
| 260 |
|
|
|a Berlin :
|b Physica-Verlag,
|c c2008.
|
| 300 |
|
|
|a vi, 202 p. :
|b ill.
|
| 504 |
|
|
|a Includes bibliographical references.
|
| 533 |
|
|
|a Electronic reproduction. Ann Arbor, MI : ProQuest, 2015. Available via World Wide Web. Access may be limited to ProQuest affiliated libraries.
|
| 650 |
|
0 |
|a Economics.
|
| 651 |
|
0 |
|a European Union countries
|x Foreign economic relations
|z Europe, Eastern.
|
| 651 |
|
0 |
|a Europe, Eastern
|x Foreign economic relations
|z European Union countries.
|
| 651 |
|
0 |
|a European Union countries
|x Foreign economic relations
|z Europe, Central.
|
| 651 |
|
0 |
|a Europe, Central
|x Foreign economic relations
|z European Union countries.
|
| 651 |
|
0 |
|a Europe
|x Economic integration.
|
| 655 |
|
4 |
|a Electronic books.
|
| 700 |
1 |
|
|a Quadrio Curzio, Alberto.
|
| 700 |
1 |
|
|a Fortis, Marco.
|
| 710 |
2 |
|
|a ProQuest (Firm)
|
| 856 |
4 |
0 |
|u https://ebookcentral.proquest.com/lib/matrademy/detail.action?docID=367549
|z Click to View
|